000 00302nam a22001217a 4500
040 _cHS
082 _a612
100 _aធីម សុខា
245 _aជាលិកា និងកោសិកាវិទ្យា
260 _aRUA
_bធីម សុខា
_c2011
300 _a64p;
942 _cKB
999 _c9459
_d9459